00317nam a2200133Ia 45000030006000000080041000060400015000471000027000622450023000892600038001123000006001505460010001560050017001660STCL150530s9999 xx 000 0 und d aSTCLcSTCL akrishna Bhihari Mishra aHindi Patrakaritha bBharathiya Jnanpith ; Delhic1968 a0 aHindi20220125171257.0